| 000 | 00998nmm a2200277 a 4500 | ||
|---|---|---|---|
| 001 | ocm000608250 | ||
| 003 | TR-IsHL | ||
| 005 | 20201028125031.0 | ||
| 008 | 110704s2009 tu tur | ||
| 007 | cr cn | ||
| 020 | _a9789944604307 | ||
| 035 |
_a608250 _b(N$T) |
||
| 050 | 0 | 4 |
_aLB2938 _b.İ88 2009 |
| 090 | 0 | 4 |
_aLB2938 _b.İ88 2009 |
| 245 | 1 | 0 |
_aİstanbul'daki mesleki teknik öğretim okullarında eğitimi verilen alan ve dalların İstanbul Ticaret Odası meslek komitelerine ve ilçelere göre dağılımı _h[electronic resource] / _chaz. Recep Dayıoğlu |
| 250 | _a1. bs. | ||
| 260 |
_aİstanbul : _bİstanbul Ticaret Odası, _c2009 |
||
| 300 | _a308 p. | ||
| 650 | 4 | _aEğitim | |
| 650 | 4 | _aEducation | |
| 650 | 0 |
_aMeslek liseleri _x Türkiye |
|
| 650 | 0 |
_aVocational high schools _x Turkey |
|
| 650 | 7 |
_aEDUCATION / General _2bisacsh |
|
| 700 | 1 | _aDayıoğlu, Recep | |
| 856 | 4 | 0 | _uhttp://search.ebscohost.com/login.aspx?direct=true&scope=site&db=e011xww&AN=608250 |
| 999 |
_c3269 _d3269 |
||